The school improvement specialist field guide

Salvato in:
Dettagli Bibliografici
Autore principale: PAGE, Deb
Natura: Libro
Lingua:inglese
Pubblicazione: Corwin, 2013.
Tags: Aggiungi Tag
Nessun Tag, puoi essere il primo ad aggiungerne!!

MARC

LEADER 00000nam a22000007a 4500
008 210528b ||||| |||| 00| 0 eng d
020 |a 978-1-4522-4089-3 
100 |a PAGE, Deb. 
245 |a The school improvement specialist field guide  |c Deb Page, Judith Hale  |g xiv, 231p.; ill. 
260 |b Corwin,   |c 2013.  |h Thousand Oaks, California:   |i 692810   |i 692811   |l LB2822.8 .P15  |m School improvement programs – Handbooks manual etc  |m Educational leadership – Handbooks manual etc.  |m School management and organization – Handbooks manual etc. 
500 |a “It includes references and index”. 
942 |a lcc  |c BK  |e Adeniran, F. A  |f 28/05/2021 
952 |0 0  |1 0  |2 lcc  |4 0  |6 LB28228 P15  |7 0  |9 2467  |a HOL  |b ED  |c LP  |d 2021-05-28  |l 0  |o LB2822.8 .P15  |p 2021-6319  |r 2021-05-28 00:00:00  |w 2021-05-28  |y BK 
952 |0 0  |1 0  |2 lcc  |4 0  |6 LB28228 P15  |7 0  |9 2468  |a HOL  |b HOL  |c LP  |d 2021-05-28  |l 0  |o LB2822.8 .P15  |p 2021-6320  |r 2021-05-28 00:00:00  |w 2021-05-28  |y BK 
999 |c 1285  |d 1285